000 01855cam a2200277 i 4500
003 OSt
005 20210825080832.0
008 130618s2013 dcu i000 0 eng
020 _a9781464800023
020 _z9781464800030
040 _aDLC
_cCO-JMCR
041 0 _aeng
082 0 4 _a339.5091724 /
_bC235d
_223
100 1 _aCanuto, Otaviano,
_eautor
_939645
245 1 0 _aDealing with the challenges of macro financial linkages in emerging markets /
_cOtaviano Canuto and Swati R. Ghosh, editors.
264 1 _aWashington, D.C. :
_bWorld Bank,
_c[2013]
300 _axxi, 279 pages ;
_c26 cm
490 0 _aA world bank study
504 _aBibliography : pages 276-279.
505 0 _tAdapting macro prudential approaches to emerging and developing economies /
_rHyun Shin --
_tAdapting micro prudential regulations for emerging markets /
_rViral Acharya --
_tCapital flow volatility and systemic risk in emerging markets : the policy toolkit /
_rStijn Claessens and Swati R. Ghosh --
_tMonetary policy and macro prudential regulation: whither emerging markets? /
_rOtaviano Canuto and Matheus Cavallari --
_tMacro prudential policies to mitigate financial vulnerabilities in emerging markets /
_rStijn Claessens, Swati R. Ghosh, and Roxana Mihet --
_tSailing through the global financial storm : brazil's recent experience with monetary and macro prudential policies to lean against the financial cycle and deal with systemic risks /
_rLuiz Pereira da Silva and Ricardo Harris --
_tThe operation of macro prudential policy measures: the case of korea in the 2000s /
_rJong Kyu Lee.
_a
650 1 4 _aMonetary policy
_zDeveloping countries.
_939646
650 2 4 _aBusiness cycles
_zDeveloping countries.
_939647
650 2 4 _aFinance
_zDeveloping countries.
_938547
700 1 _aGhosh, Swati R.,
_eeditor of compilation.
_939648
942 _2ddc
_cBK
999 _c12300
_d12300